| 000 | 00374 a2200157 4500 | ||
|---|---|---|---|
| 003 | Nust | ||
| 005 | 20230213130342.0 | ||
| 040 | _cNust | ||
| 082 | _a297,QAD | ||
| 100 |
_aDr Muhammad Tahir-ul-Qadri _96020 |
||
| 245 |
_aFalsafa-e-Namaz / _cDr Muhammad Tahir-ul-Qadri |
||
| 260 |
_bMinhaj-ul-Qur'an _aLahore _c1996 |
||
| 300 | _a186:p | ||
| 650 | _aISLAM | ||
| 942 |
_2ddc _cBK |
||
| 999 |
_c187952 _d187952 |
||